[Event "ROM-ch U08"]
[Site "Calimanesti"]
[Date "2015.04.03"]
[Round "6"]
[White "Hejja, Adam Peter"]
[Black "Ciutureanu, David Gabriel"]
[Result "0-1"]
[WhiteElo "1246"]
[BlackElo "1061"]
[PlyCount "90"]
[EventDate "2015.03.30"]
[EventType "swiss"]
[EventRounds "9"]
[EventCountry "ROU"]
[SourceTitle "CBM 165 Extra"]
[Source "ChessBase"]
[SourceDate "2015.04.21"]
[SourceVersion "1"]
[SourceVersionDate "2015.04.21"]
[SourceQuality "1"]

1. e4 c5 2. Nc3 Nc6 3. Nf3 d6 4. Bb5 Bd7 5. Bc4 e6 6. d3 Be7 7. 0-0 Nf6 8. Bf4 Qc7 9. Bd2 0-0 10. Nb5 Qb6 11. a4 a6 12. Nc3 h6 13. Qc1 Kh7 14. h3 Qc7 15. Ne2 e5 16. Qe1 b6 17. Be3 Rab8 18. Bxa6 Nb4 19. Qc3 Nxa6 20. Qc4 Ra8 21. Nc3 Nb4 22. Rfc1 Be6 23. Qb5 Ra5 24. Qxa5 bxa5 25. Nb5 Qb6 26. Ne1 Bd7 27. c3 Nc6 28. Nc2 Na7 29. c4 Nxb5 30. cxb5 Qc7 31. b4 Be6 32. bxc5 dxc5 33. Rab1 Ba2 34. Rb2 Be6 35. b6 Qb7 36. Rb5 Bd7 37. Rxa5 Qxb6 38. Bxc5 Bxc5 39. Rxc5 Qxc5 40. Kf1 Bxa4 41. Ke2 Qc3 42. Kd1 Rd8 43. Ke2 Qxd3+ 44. Ke1 Bb5 45. Nb4 Qe2# 0-1